| 000 | 00609cam a22002291 4500 | ||
|---|---|---|---|
| 001 | ne 64001443 | ||
| 003 | DLC | ||
| 005 | 20260227111800.0 | ||
| 008 | 890420s1962 xx a s 000 0 ara | ||
| 010 | _ane 64001443 | ||
| 035 | _a(OCoLC)23488419 | ||
| 040 |
_aDLC _cMiU _dDLC |
||
| 042 | _apremarc | ||
| 043 | _af-ua--- | ||
| 050 | 0 | 0 |
_aHC540.I5 _bA53 |
| 110 | 1 |
_aUnited Arab Republic. _bMaṣlaḥat al-Iḥṣāʼ wa-al-Taʻdād. |
|
| 245 | 1 | 0 | _aTaqdīrāt al-dakhl al-qawmī. |
| 260 | _c[1962] | ||
| 300 |
_a41 p. _btables. _c34 cm. |
||
| 500 | _aRomanized. | ||
| 650 | 0 |
_aIncome _zEgypt _vStatistics. |
|
| 999 |
_c47092 _d47092 |
||